Southville International School and Colleges
Your cart is empty.
  • Cart
  • Lists
    Public lists Eva Luna New books Lux_list list_1
    Your lists Log in to create your own lists
  • Log in to your account
  • Your cookies
  • Search history
Southville International School and Colleges
  • Advanced search
  • Recent comments
  • Most popular
  • Libraries

Log in to your account

Log in with GOOGLE


If you do not have an external account, but do have a local account, you can still log in:

  1. Home
  2. MARC view: The right book, the right time :
Normal view MARC view ISBD view

The right book, the right time : (Record no. 112927)

[ view plain ]
MARC details
000 -LEADER
fixed length control field 00615nam a2200181 a 4500
001 - CONTROL NUMBER
control field 1559
005 - DATE AND TIME OF LATEST TRANSACTION
control field 20140414131956.0
008 - FIXED-LENGTH DATA ELEMENTS--GENERAL INFORMATION
fixed length control field 010330s19uu xx 00 eng d
020 ## - INTERNATIONAL STANDARD BOOK NUMBER
International Standard Book Number 0-205-17272-5
050 ## - LIBRARY OF CONGRESS CALL NUMBER
Classification number TR 615.8516
Item number G74 1997
100 ## - MAIN ENTRY--PERSONAL NAME
Personal name Grindler, Martha C.
245 ## - TITLE STATEMENT
Title The right book, the right time :
Remainder of title helping children cope /
Statement of responsibility, etc Martha C. Grindler, Beverly D. Stratton, Michael C. McKenna.
260 ## - PUBLICATION, DISTRIBUTION, ETC. (IMPRINT)
Place of publication, distribution, etc Needham Heights, MA :
Name of publisher, distributor, etc Allyn & Bacon,
Date of publication, distribution, etc 1997.
300 ## - PHYSICAL DESCRIPTION
Extent vii p. ; 200 p. ; cm.
500 ## - GENERAL NOTE
General note Includes bibliographical references.
650 ## - SUBJECT ADDED ENTRY--TOPICAL TERM
Topical term or geographic name as entry element Bibliotheraphy for children.
Holdings
Withdrawn status Lost status Damaged status Use restrictions Home library Current library Shelving location Date acquired Source of acquisition Total Checkouts Full call number Barcode Date last seen Price effective from Koha item type
        Munich Library Munich Library Teachers Reference Section 12/22/2004     TR 615.8516 G74 1997 M4347 04/14/2014 04/14/2014 Books

The right book, the right time :

APA

Grindler M. C., . (1997). The right book, the right time. Needham Heights, MA: Allyn & Bacon.

Chicago

Grindler Martha C, . 1997. The right book, the right time. Needham Heights, MA: Allyn & Bacon.

Harvard

Grindler M. C., . (1997). The right book, the right time. Needham Heights, MA: Allyn & Bacon.

MLA

Grindler Martha C, . The right book, the right time. Needham Heights, MA: Allyn & Bacon. 1997.

  • Place hold
  • Print
  • Cite
  • Add to your cart (remove)
  • Save record
    BIBTEX Dublin Core MARCXML MARC (non-Unicode/MARC-8) MARC (Unicode/UTF-8) MARC (Unicode/UTF-8, Standard) MODS (XML) RIS
  • More searches
    Search for this title in:
    Other Libraries (WorldCat) Other Databases (Google Scholar) Online Stores (Bookfinder.com) Open Library (openlibrary.org)

Exporting to Dublin Core...

SOUTHVILLE LIBRARY

Southville International School and Colleges Library

1281 Tropical Ave. Cor. Luxembourg St., BF Homes International, Las Pinas City

Tel. No. 8256374 / 252358 Loc. 117/146

Powered by Koha